Základní statistické metody /

Uložené v:
Podrobná bibliografia
Hlavný autor: Fabian, Václav (Autor)
Médium: Kniha
Jazyk:Czech
Vydavateľské údaje: Praha : Československá akademie věd, 1963
Tagy: Pridať tag
Žiadne tagy, Buďte prvý, kto otaguje tento záznam!

MARC

LEADER 00000nam a22000003a 4500
001 stu35991
005 20230911091056.1
008 920519s1963----cs------------------cze-d
040 |a STU  |b slo 
041 0 |a cze 
044 |a cs 
100 1 |a Fabian, Václav  |4 aut 
245 1 |a Základní statistické metody /  |c [aut.]Václav Fabian 
260 |a Praha :  |b Československá akademie věd,  |c 1963 
300 |a 451 s 
996 |b 284M002539  |c M*4788-1  |l MMKN  |s A  |a 24  |w stu35991_0001 
996 |c I* 8M14034  |l I  |s A  |a 24  |w stu35991_0002